LEADER 00966cam0 2200289 450 001 E600200013290 005 20201119091233.0 010 $a8806007378 100 $a20051014d1962 |||||ita|0103 ba 101 $aita 102 $aIT 200 1 $aPensieri$fBlaise Pascal$gtrad., introd. e note di Paolo Serini 210 $aTorino$cEinaudi$d1962 215 $aXLIX, 458 p.$d18 cm 225 2 $aNuova universale Einaudi$v67 410 1$1001LAEC00015860$12001 $a*Nuova universale Einaudi$v67 700 1$aPascal$b, Blaise$3AF00003417$4070$028760 702 1$aSerini, Paolo$3A600200026393$4070 801 0$aIT$bUNISOB$c20201119$gRICA 850 $aUNISOB 852 $aUNISOB$j000|Coll|37|K$m61946 912 $aE600200013290 940 $aM 102 Monografia moderna SBN 941 $aM 957 $a000|Coll|37|K$b000006$gSi$d61946$rAcquisto$1pregresso2$2UNISOB$3UNISOB$420051014105244.0$520201119091224.0$6Spinosa 996 $aPensées$914774 997 $aUNISOB